Fr. Conceicao Rodrigues College of Engineering

Enhancing Soft skills (Record no. 23893)

MARC details
000 -LEADER
fixed length control field 00296nam a2200145Ia 4500
082 ## - DEWEY DECIMAL CLASSIFICATION NUMBER
Classification number 371.6
Item number BIS
100 ## - MAIN ENTRY--PERSONAL NAME
Personal name Biswas/Dipali
245 ## - TITLE STATEMENT
Title Enhancing Soft skills
260 ## - PUBLICATION, DISTRIBUTION, ETC.
Name of publisher, distributor, etc. Shroff Publishers
Date of publication, distribution, etc. 2009
366 ## - TRADE AVAILABILITY INFORMATION
Publishers's discount category 20
300 ## - PHYSICAL DESCRIPTION
Extent 327
546 ## - LANGUAGE NOTE
Language note ENGLISH
-- TTL
942 ## - ADDED ENTRY ELEMENTS (KOHA)
Koha item type BOOK
Holdings
Withdrawn status Lost status Damaged status Not for loan Collection Home library Current library Date acquired Source of acquisition Cost, normal purchase price Inventory number Total Checkouts Full call number Barcode Date last seen Cost, replacement price Price effective from Koha item type
        CRC Fr. Agnel's C.Rodrigues College of Engineering Fr. Agnel's C.Rodrigues College of Engineering 17/03/2023 Book Base 300.00 10808 dt 26/04/2011   371.6 BIS 21560 17/03/2023 375.00   BOOK